LIBRARY ONLINE CATALOGUE

Philosophy 2 : (Record no. 10461)

MARC details
000 -LEADER
fixed length control field 00586nam a22001932 4500
001 - CONTROL NUMBER
control field 0000000037
005 - DATE AND TIME OF LATEST TRANSACTION
control field 20151217154324.0
008 - FIXED-LENGTH DATA ELEMENTS--GENERAL INFORMATION
fixed length control field 070108s xx 000 0 eng d
020 ## - INTERNATIONAL STANDARD BOOK NUMBER
International Standard Book Number 0198751796 :
Terms of availability KES 2,979
040 ## - CATALOGING SOURCE
Original cataloging agency KABU
Transcribing agency KABU
245 10 - TITLE STATEMENT
Title Philosophy 2 :
Remainder of title further through the subject /
Statement of responsibility, etc. edited by A. C. Grayling.
260 ## - PUBLICATION, DISTRIBUTION, ETC. (IMPRINT)
Place of publication, distribution, etc. Oxford :
Name of publisher, distributor, etc. Oxford University Press,
Date of publication, distribution, etc. 1998.
300 ## - PHYSICAL DESCRIPTION
Extent xiii, 869 p.
650 #0 - SUBJECT ADDED ENTRY--TOPICAL TERM
Topical term or geographic name as entry element Philosophy.
-- 0000147995
700 1# - ADDED ENTRY--PERSONAL NAME
Personal name Grayling, A. C.
-- 0000148000
908 ## - PUT COMMAND PARAMETER (RLIN)
Put command parameter 070108
950 ## - LOCAL HOLDINGS (RLIN)
-- 1
Holdings
Withdrawn status Lost status Source of classification or shelving scheme Not for loan Home library Current library Date acquired Total Checkouts Full call number Barcode Date last seen Date last checked out Price effective from Koha item type
    Library of Congress Classification   Kabarak, Main Campus Kabarak, Main Campus 17/12/2015 1 B72 .P45 000013 02/08/2024 23/06/2016 17/12/2015 General Collection